Quizzes
Events
Quiz Creation
Community
Videos
Private Events
Remove Ads
Sign In
Join for FREE
Feedback
Dark Mode
Quiz Categories
Sports
Geography
Music
Movies
Television
Just For Fun
Miscellaneous
History
Literature
Language
Science
Gaming
Entertainment
Religion
Holiday
For Kids
Quiz Lab
Recent
Popular Today
Quiz Kudos Today
Editor Picks
Curator Picks
Quizzes by...
Day
Popularity
Type
Ratings
Length
Year
Community
Subscriptions
Recent Discussions
Orange Saloon
Badges
Playlists
Quests
Create
Leaderboards
Showdown
Live 5
Trivia Bingo
Activity
Puzzle Library
Sporcle Events
Private Events
Virtual Trivia
Globe League
Become a Host
Pub Owners
SporcleCon
Opinionation
Our Games
Videos
Blog
Mobile Apps
Partnerships
Remove Ads and Go Orange
Feedback
Geography
Country
Landmarks
City
State
Population
World
Capital
Continent
Flags
Europe
Africa
Asia
South America
North America
Oceania
Border
Canada
United Kingdom
Topography
United States
Geography
Country
Landmarks
City
State
Population
World
Capital
Continent
Flags
Europe
Africa
Asia
South America
North America
Oceania
Border
Canada
United Kingdom
Topography
United States
Random Quiz
Search Sporcle
×
Quiz Lab
Quiz Lab
Geography
Africa
Type answers that appear on an image
Type answers that appear on an image
Map
Best Score? Go Orange.
Mapped Border Chain: Africa Stats
Name the countries indicated on the map, each country bordering the previous.
By
Ubbiebubbie
5m
47 Questions
445 Plays
445 Plays
445 Plays
Comments
Comments
Give Quiz Kudos
Give Quiz Kudos
-
- Ratings
hide this ad
Forced Order
Answers have to be entered in order
Answers have to be entered in order
Replay
Link that replays current quiz
Next Quiz
Link to next quiz in quiz playlist
You Got
0%
They Got
Avg Score
84%
Avg Friend Score
Upgrade to see
Score Distribution
Jump to the score distribution portion of the page
Score
0/47
Timer
05:00
0
Plays Today
% Correct
???
100%
???
98.9%
???
97.8%
???
96.9%
???
96.9%
???
96%
???
95.5%
???
94.6%
???
91.9%
???
91.5%
???
91%
???
90.1%
???
87.6%
???
87.2%
???
86.7%
???
86.7%
???
85.8%
???
85.4%
???
85.4%
???
84.9%
???
84.9%
???
84.9%
???
84.3%
???
83.4%
% Correct
???
82.5%
???
82%
???
81.6%
???
81.1%
???
81.1%
???
80.4%
???
80.4%
???
80.4%
???
80.2%
???
80.2%
???
79.8%
???
79.6%
???
79.1%
???
78.4%
???
77.8%
???
77.5%
???
77.5%
???
77.1%
???
76.4%
???
76%
???
74.4%
???
73.9%
???
73.7%
Quiz Playlist
Details
Report
Send in Message
Add To Playlist
Map:
Type answers that appear on an image
Forced Order:
Answers have to be entered in order
Last Updated: Jul 16, 2019
Quiz Scoreboard
CHALLENGE
Sign Up to Join the Scoreboard
Show All
Scores
Hide
Comments
May contain spoilers
Recently Published
Billboard Blitz: Fleetwood Mac
by CooCooCachoo
Music
15s
Presidents Visiting Landmarks
by Hejman
History
7m
An Introduction to Baseball
by treessimontrees
Sports
5m
More to Explore
Quiz From the Vault
Featured Blog Post
Where Did the Easter Bunny Come From?
hide this ad
You Might Also Like...
Tags
Africa Quiz
Border Quiz
Country Quiz
location
map
Mapping
Today's Top Quizzes in Geography
Browse Geography
hide this ad
Today's Top Quizzes in Africa
Browse Africa
Top Contributed Quizzes in Geography
1
Countries of the World - No Outlines Minefield
2
Top 25 Cities of France on a map
3
Any capital of a 'B' country per Continent
4
Any capital of a 'C' country per Continent
5
Closest Countries to UK A-Z
6
Any capital of a 'D' country per Continent
7
5-to-1: US Geography No Hints
8
One Thing in Common: United Kingdom
9
Any capital of an 'E' country per Continent
10
Any capital of an 'F' country per Continent
Explore More
Trending Topics
Harry Potter
Disney
Kpop
Anime
Marvel
Crossword
NBA
Country
WWE
The Office
Puzzle
Soccer
NFL
Song
Pokémon
hide this ad
More By:
Ubbiebubbie
Quiz
Plays
Rating
Category
Featured
Created
100 Number Matching Madness
546,320
3.97
Just For Fun
Dec 4, 2012
Border Hopping Bonanza
407,510
3.30
Geography
Mar 30, 2012
Languages per Continent Minefield
193,206
3.78
Language
Aug 8, 2015
Mountain Range Country Minefield Blitz
112,417
4.34
Geography
Jul 23, 2015
Asian 'L' Countries
99,183
4.53
Geography
May 6, 2013
Go to Creator's Profile
Score Distribution
Quiz Creator Spotlight
Ubbiebubbie
Follow
Send a Message
Quizzes Created
-
Created Quiz Play Count
-
More By This Creator
Popular Quizzes Today
1
Find the US States - No Outlines Minefield
2
Find the Countries of Europe - No Outlines Minefield
3
The Countries of the World
4
Find the US States
5
US States
6
Popular People in 1961
7
Risky Map Clicking: Biggest States A-Z
8
Movies - When Are They Set?
More Geography Quizzes
Hoofdsteden van Afrika
Quiz Lab
Trending Quizzes
Risky Map Clicking: Least Populous States A-Z
1-10 Letter G Words
1-10 Letter F Words
Risky Map Clicking: Next State Alphabetically
Risky Map Clicking: Biggest States A-Z
Recently Updated
Leaping Animals
pecheneg
Reality TV Shows (A-Z)
bhenderson79
Rickey Henderson's Hall of Fame Teammates
pecheneg
Champions League XIs: Arsenal
pecheneg
Quick Pick: Celebrities in WWE's Hall of Fame
aduchscher
A-Z Keypad Blitz II
pecheneg
Multiple Oscar Actors
pecheneg
Mystery Phrase Blitz: Oscar 'Best Actors'
pecheneg
F. Scott Fitzgerald Novels
LTH
Pick 3 Villains
ddd62291
Trending Topics
Harry Potter
Marvel
Anime
Crossword
Disney
NBA
Kpop
Soccer
Pokémon
Puzzle
NFL
The Office
Country
WWE
Song
Your Account Isn't Verified!
In order to create a playlist on Sporcle, you need to verify the email address you used during registration. Go to your
Sporcle Settings
to finish the process.
Report this User
Report this user for behavior that violates our
Community Guidelines
.
Details:
Send Report
Go to the Sporcle.com Mobile Site →
Comments